00656nam a2200181Ia 4500008004100000082001800041100002400059245005500083250000800138260003700146300001100183500002400194650001600218942000700234952010800241952010800349999001700457230524s9999 xx 000 0 und d a621.3892bMIS aShiv Shankar Mishra 0aDigital Electronics (Digital Circuits and Systems) a1ST aNEW DELHIbSatya Prakashanc2007 aVI;520 aQuantity Number: 2 aElectronics cBK 00104070aTATCLbTATCLcGENd2023-05-24l0o621.3892 MISp15300r2023-05-24w2023-05-24yBKzCPEE5302 00104070aTATCLbTATCLcGENd2023-05-24l0o621.3892 MISp15301r2023-05-24w2023-05-24yBKzCPEE5302 c36273d36273